岐阜県の難読地名 30コ - Statistics

General Stats
  • This quiz has been taken 41 times
  • The average score is 4 of 30
Answer Stats
漢字 回答 % Correct
苧ヶ瀬(各務原市) おがせ
61%
高鷲(郡上市) たかす
53%
帷子(可児市) かたびら
42%
日置江(岐阜市) ひきえ
33%
鏡島(岐阜市) かがしま
28%
神海(本巣市) こうみ
25%
水主町(岐阜市) かこまち
22%
神坂(中津川市) みさか
22%
水鳥(本巣市) みどり
22%
御望(岐阜市) ごも
11%
歩行町(大垣市) おかちまち
11%
無数河(高山市) むすご
11%
蕨生(美濃市) わらび
11%
信包(飛騨市) のぶか
11%
城田寺(岐阜市) きだいじ
8%
下石町(土岐市) おろしちょう
8%
越卒(本巣市) おっそ
8%
次木(岐阜市) なめき
6%
雄総(岐阜市) おぶさ
6%
塩河(可児市) しゅうが
6%
牛牧(瑞穂市) うしき
6%
石谷(岐阜市) いしがい
3%
外渕(大垣市) そぶつ
3%
黍生谷(高山市) きびゅうだに
3%
大桑(山県市) おおが
3%
交人(岐阜市) ましと
0%
木賊洞(高山市) とくさぼら
0%
十六所(関市) じゅうろくせん
0%
安毛(美濃市) あたげ
0%
東雲(飛騨市) あずも
0%
No matching quizzes found
Score Distribution
Percent of People with Each Score
Percentile by Number Answered
Your Score History
You have not taken this quiz